Statistics for Флаги Океании

Click here to take the quiz!

General Stats

  • This quiz has been taken 345 times
  • The average score is 11 of 14

Answer Stats

Answer% Correct
Новая Зеландия
99%
Австралия
99%
Фиджи
83%
Федеративные Штаты Микронезии
81%
Папуа-Новая Гвинея
79%
Палау
79%
Тувалу
78%
Кирибати
76%
Тонга
74%
Науру
71%
Самоа
70%
Маршалловы Острова
67%
Вануату
67%
Соломоновы Острова
66%

Score Distribution

Percentile by Number Answered

Percent of People with Each Score

Your Score History

You have not taken this quiz